Perfiles ético-políticos de la educación
Gespeichert in:
| 1. Verfasser: | |
|---|---|
| Format: | Buch |
| Sprache: | Spanisch |
| Veröffentlicht: |
Buenos Aires
Paidós
2004
|
| Ausgabe: | 1a. ed |
| Schriftenreihe: | Biblioteca de Cuestiones de Educación, 44
|
| Schlagworte: | |
| Tags: |
Tag hinzufügen
Keine Tags, Fügen Sie den ersten Tag hinzu!
|
MARC
| LEADER | 00000nam a2200000 a 4500 | ||
|---|---|---|---|
| 001 | UCJ2199 | ||
| 003 | CL-VaPUC | ||
| 008 | 061201e20040000AG |||||||||||||||||spa|d | ||
| 020 | |a 9501261441 | ||
| 082 | 0 | 4 | |a 370.1 |b CUL |2 21 |
| 100 | 0 | |a Cullen, Carlos A |e author |9 503117 | |
| 245 | 1 | 0 | |a Perfiles ético-políticos de la educación |
| 250 | |a 1a. ed | ||
| 300 | |a 208 p | ||
| 942 | |c BK | ||
| 945 | |d 20061201 00:00:00 |a cmena | ||
| 260 | |a Buenos Aires |b Paidós |c 2004 | ||
| 650 | 0 | |a Filosofía de la educación |9 258384 | |
| 650 | 0 | |a Educación pública |9 309676 | |
| 650 | 0 | |a Política gubernamental |9 262286 | |
| 650 | 0 | |a Innovaciones pedagógicas |9 307471 | |
| 650 | 0 | |a Educación cívica |9 314665 | |
| 650 | 0 | |a Educación moral |9 308319 | |
| 583 | |a last modification |c 20061201 00:00:00 |k Rodrigo Vera | ||
| 490 | 0 | |a Biblioteca de Cuestiones de Educación, 44 | |
| 999 | |c 318549 |d 318547 | ||
| 952 | |0 0 |1 0 |4 0 |6 370_100000000000000_CUL_2004 |7 0 |8 A |9 396395 |a BIBEDU |b BIBEDU |d 2019-11-22 |i 4303881 |l 2 |o 370.1 CUL 2004 |p 4303881 |r 2022-08-11 |s 2022-07-13 |w 2019-11-22 |y BK |k EBA | ||